000 00686nam a2200289Ia 4500
005 20260324133313.0
008 008 260324s9999 xx 000 0 eng d
020 _a9780429210433
037 _aEBOOK
040 _aCRL
040 _beng
040 _cCRL
041 _2eng
041 _aeng
084 _qCRL
100 _aAmanda Andress
_91192578
245 0 _aSurviving Security
245 0 _bHow to Integrate People, Process, and Technology
260 _bTaylor and Francis
260 _c2003
365 _a
365 _b260
856 _uhttp://www.taylorfrancis.com/books/9780429210433
942 _cEBOOK
999 _c1791488
_d1791488